[Event "31st Klatovy A 2025"]
[Site "Klatovy CZE"]
[Date "2025.06.30"]
[Round "3.10"]
[White "Jun, Rudolf"]
[Black "Krivka, Matej"]
[Result "1-0"]
[WhiteElo "2279"]
[BlackElo "2000"]
[PlyCount "65"]
[EventDate "2025.06.28"]
[EventType "swiss"]
[EventRounds "9"]
[EventCountry "CZE"]

1. e4 {[%emt 0:00:03]} c5 {[%emt 0:00:06]} 2. Ne2 {[%emt 0:00:06]} Nc6 {[%emt 0:00:17]} 3. c4 {[%emt 0:00:27]} e6 {[%emt 0:03:08]} 4. Nbc3 {[%emt 0:00:22]} Nge7 {[%emt 0:01:20]} 5. d4 {[%emt 0:02:02]} Nxd4 {[%emt 0:03:29]} 6. Nxd4 {[%emt 0:00:09]} cxd4 {[%emt 0:00:17]} 7. Qxd4 {[%emt 0:00:07]} Nc6 {[%emt 0:00:34]} 8. Qd1 {[%emt 0:00:06]} Bc5 {[%emt 0:01:58]} 9. Be2 {[%emt 0:00:30]} O-O {[%emt 0:00:25]} 10. O-O {[%emt 0:00:06]} a6 {[%emt 0:05:42]} 11. a3 {[%emt 0:03:18]} d6 {[%emt 0:03:24]} 12. b4 {[%emt 0:01:10]} Ba7 {[%emt 0:01:21]} 13. Bb2 {[%emt 0:02:39]} Nd4 {[%emt 0:05:26]} 14. Kh1 {[%emt 0:05:02]} e5 {[%emt 0:12:39]} 15. f4 {[%emt 0:00:52]} f5 {[%emt 0:04:44]} 16. fxe5 {[%emt 0:12:05]} dxe5 {[%emt 0:00:08]} 17. c5 {[%emt 0:04:20]} Be6 {[%emt 0:17:59]} 18. exf5 {[%emt 0:03:28]} Bxf5 {[%emt 0:02:45]} 19. Bc4+ {[%emt 0:03:56]} Kh8 {[%emt 0:00:49]} 20. Nd5 {[%emt 0:22:11]} Qg5 {[%emt 0:08:28]} 21. Bxd4 {[%emt 0:07:21]} exd4 {[%emt 0:00:07]} 22. Qxd4 {[%emt 0:00:50]} Rae8 {[%emt 0:08:50]} 23. Nc7 {[%emt 0:07:46]} Rd8 {[%emt 0:14:08]} 24. Qe5 {[%emt 0:05:37]} Rd2 {[%emt 0:06:37]} 25. Bd5 {[%emt 0:03:23]} Bb8 {[%emt 0:08:01]} 26. Be4 {[%emt 0:05:32]} Rfd8 {[%emt 0:11:53]} 27. Qxf5 {[%emt 0:04:23]} Qxf5 {[%emt 0:00:14]} 28. Rxf5 {[%emt 0:00:42]} Bxc7 {[%emt 0:00:30]} 29. Bxb7 {[%emt 0:00:54]} g6 {[%emt 0:02:02]} 30. Rf7 {[%emt 0:01:52]} Be5 {[%emt 0:00:51]} 31. Raf1 {[%emt 0:00:53]} R8d3 {[%emt 0:03:51]} 32. Bxa6 {[%emt 0:03:39]} Rxa3 {[%emt 0:00:56]} 33. Re7 {[%emt 0:00:31]} 1-0

[Event "31st Klatovy A 2025"]
[Site "Klatovy CZE"]
[Date "2025.06.30"]
[Round "3.11"]
[White "Bara, Jan"]
[Black "Pokorny, Jiri 2007"]
[Result "1/2-1/2"]
[WhiteElo "1964"]
[BlackElo "2122"]
[PlyCount "110"]
[EventDate "2025.06.28"]
[EventType "swiss"]
[EventRounds "9"]
[EventCountry "CZE"]

1. c4 {[%emt 0:00:17]} c5 {[%emt 0:00:06]} 2. g3 {[%emt 0:00:05]} Nf6 {[%emt 0:00:07]} 3. Bg2 {[%emt 0:00:05]} d5 {[%emt 0:00:13]} 4. cxd5 {[%emt 0:00:05]} Nxd5 {[%emt 0:00:12]} 5. Nc3 {[%emt 0:00:04]} Nc7 {[%emt 0:00:45]} 6. Nf3 {[%emt 0:00:20]} Nc6 {[%emt 0:00:08]} 7. O-O {[%emt 0:00:28]} e5 {[%emt 0:00:32]} 8. d3 {[%emt 0:01:31]} f6 {[%emt 0:00:39]} 9. Be3 {[%emt 0:02:01]} Rb8 {[%emt 0:01:02]} 10. Rc1 {[%emt 0:02:47]} Be7 {[%emt 0:01:53]} 11. Ne4 {[%emt 0:03:49]} b6 {[%emt 0:00:55]} 12. a3 {[%emt 0:00:53]} Bd7 {[%emt 0:10:49]} 13. Qb3 {[%emt 0:04:23]} Be6 {[%emt 0:05:10]} 14. Qa4 {[%emt 0:00:54]} Qd7 {[%emt 0:16:29]} 15. b4 {[%emt 0:10:01]} Nd4 {[%emt 0:02:35]} 16. Qxd7+ {[%emt 0:01:01]} Kxd7 {[%emt 0:00:26]} 17. Bxd4 {[%emt 0:04:54]} cxd4 {[%emt 0:00:19]} 18. Ned2 {[%emt 0:01:03]} Nd5 {[%emt 0:01:30]} 19. Nb1 {[%emt 0:06:18]} Rhc8 {[%emt 0:01:09]} 20. Nfd2 {[%emt 0:02:16]} Nc3 {[%emt 0:05:30]} 21. Nxc3 {[%emt 0:02:16]} dxc3 {[%emt 0:01:33]} 22. Nc4 {[%emt 0:03:04]} b5 {[%emt 0:12:31]} 23. Ne3 {[%emt 0:06:03]} Rc7 {[%emt 0:03:22]} 24. Bd5 {[%emt 0:08:16]} a5 {[%emt 0:02:23]} 25. Bxe6+ {[%emt 0:01:09]} Kxe6 {[%emt 0:00:12]} 26. Nc2 {[%emt 0:00:12]} Ra8 {[%emt 0:06:46]} 27. Ra1 {[%emt 0:06:31]} Rca7 {[%emt 0:08:01]} 28. Rab1 {[%emt 0:02:23]} axb4 {[%emt 0:01:02]} 29. axb4 {[%emt 0:00:13]} Ra2 {[%emt 0:00:52]} 30. Rfc1 {[%emt 0:00:11]} Rb2 {[%emt 0:02:37]} 31. Rxb2 {[%emt 0:01:04]} cxb2 {[%emt 0:00:08]} 32. Rb1 {[%emt 0:00:17]} Ra2 {[%emt 0:00:14]} 33. Kg2 {[%emt 0:00:22]} f5 {[%emt 0:04:27]} 34. Kf3 {[%emt 0:00:32]} e4+ {[%emt 0:04:57]} 35. dxe4 {[%emt 0:10:56]} Bf6 {[%emt 0:00:14]} 36. exf5+ {[%emt 0:00:32]} Ke7 {[%emt 0:00:23]} 37. Ke4 {[%emt 0:01:19]} Ra1 {[%emt 0:01:04]} 38. Nxa1 {[%emt 0:00:09]} bxa1=Q {[%emt 0:00:07]} 39. Rxa1 {[%emt 0:00:06]} Bxa1 {[%emt 0:00:06]} 40. Kd5 {[%emt 0:00:08]} Bc3 {[%emt 0:05:44]} 41. Kc5 {[%emt 0:00:24]} Kf6 {[%emt 0:02:17]} 42. e4 {[%emt 0:00:25]} Ke5 {[%emt 0:00:51]} 43. f3 {[%emt 0:00:33]} Bd4+ {[%emt 0:01:36]} 44. Kxb5 {[%emt 0:00:07]} Bg1 {[%emt 0:00:14]} 45. h3 {[%emt 0:00:24]} Bh2 {[%emt 0:03:00]} 46. g4 {[%emt 0:00:08]} Kd6 {[%emt 0:13:30]} 47. Kc4 {[%emt 0:02:21]} Bg1 {[%emt 0:01:03]} 48. f4 {[%emt 0:03:14]} Bh2 {[%emt 0:02:14]} 49. e5+ {[%emt 0:00:20]} Ke7 {[%emt 0:01:12]} 50. Kd5 {[%emt 0:00:09]} Bxf4 {[%emt 0:00:31]} 51. b5 {[%emt 0:00:05]} Be3 {[%emt 0:00:28]} 52. Kc6 {[%emt 0:01:01]} Bf4 {[%emt 0:00:31]} 53. Kd5 {[%emt 0:00:09]} Be3 {[%emt 0:00:47]} 54. Kc6 {[%emt 0:00:14]} Bf4 {[%emt 0:00:18]} 55. Kd5 {[%emt 0:00:41]} Be3 {[%emt 0:00:16]} 1/2-1/2

[Event "31st Klatovy A 2025"]
[Site "Klatovy CZE"]
[Date "2025.06.30"]
[Round "3.12"]
[White "Vysinsky, Otakar"]
[Black "Hosnedl, Jiri"]
[Result "0-1"]
[WhiteElo "2116"]
[BlackElo "1985"]
[PlyCount "158"]
[EventDate "2025.06.28"]
[EventType "swiss"]
[EventRounds "9"]
[EventCountry "CZE"]

1. e4 {[%emt 0:00:07]} e5 {[%emt 0:00:10]} 2. Nc3 {[%emt 0:00:13]} Nc6 {[%emt 0:02:33]} 3. Bc4 {[%emt 0:01:36]} Nf6 {[%emt 0:01:39]} 4. d3 {[%emt 0:00:15]} Be7 {[%emt 0:08:32]} 5. f4 {[%emt 0:00:57]} exf4 {[%emt 0:02:49]} 6. Bxf4 {[%emt 0:01:06]} d6 {[%emt 0:01:13]} 7. Nf3 {[%emt 0:02:07]} O-O {[%emt 0:02:31]} 8. O-O {[%emt 0:01:10]} Na5 {[%emt 0:01:57]} 9. Bb3 {[%emt 0:00:41]} Nxb3 {[%emt 0:01:04]} 10. axb3 {[%emt 0:00:02]} Bg4 {[%emt 0:03:50]} 11. h3 {[%emt 0:03:08]} Bh5 {[%emt 0:01:42]} 12. Ne2 {[%emt 0:03:57]} Nd7 {[%emt 0:04:38]} 13. Ng3 {[%emt 0:04:13]} Bg6 {[%emt 0:01:22]} 14. c3 {[%emt 0:13:47]} Nc5 {[%emt 0:04:06]} 15. b4 {[%emt 0:08:25]} Ne6 {[%emt 0:01:36]} 16. Be3 {[%emt 0:00:27]} a6 {[%emt 0:03:55]} 17. Nf5 {[%emt 0:07:41]} c6 {[%emt 0:04:39]} 18. Qd2 {[%emt 0:08:28]} d5 {[%emt 0:05:54]} 19. Nxe7+ {[%emt 0:01:34]} Qxe7 {[%emt 0:00:08]} 20. exd5 {[%emt 0:01:13]} cxd5 {[%emt 0:00:16]} 21. Rae1 {[%emt 0:13:16]} Qd6 {[%emt 0:04:19]} 22. Bf2 {[%emt 0:07:45]} Rfe8 {[%emt 0:13:25]} 23. Re5 {[%emt 0:04:01]} f6 {[%emt 0:15:52]} 24. Ree1 {[%emt 0:00:50]} Nf4 {[%emt 0:05:17]} 25. Bg3 {[%emt 0:03:25]} Ne2+ {[%emt 0:08:38]} 26. Rxe2 {[%emt 0:01:14]} Qxg3 {[%emt 0:00:08]} 27. Rfe1 {[%emt 0:02:03]} Qd6 {[%emt 0:02:00]} 28. Nd4 {[%emt 0:02:05]} Re5 {[%emt 0:03:00]} 29. Qf4 {[%emt 0:04:06]} Rae8 {[%emt 0:03:21]} 30. Rxe5 {[%emt 0:06:55]} fxe5 {[%emt 0:02:48]} 31. Qg3 {[%emt 0:00:26]} Qf6 {[%emt 0:03:36]} 32. Nf3 {[%emt 0:04:14]} e4 {[%emt 0:01:42]} 33. dxe4 {[%emt 0:00:51]} dxe4 {[%emt 0:00:23]} 34. Nd4 {[%emt 0:01:27]} Rf8 {[%emt 0:03:06]} 35. Qe3 {[%emt 0:02:00]} Qf7 {[%emt 0:01:38]} 36. Qe2 {[%emt 0:05:44]} Qd5 {[%emt 0:01:29]} 37. Rf1 {[%emt 0:02:19]} Re8 {[%emt 0:01:16]} 38. Qe3 {[%emt 0:00:31]} Qe5 {[%emt 0:02:00]} 39. Rf4 {[%emt 0:01:24]} Rd8 {[%emt 0:01:29]} 40. Rf1 {[%emt 0:02:47]} Re8 {[%emt 0:00:45]} 41. Ra1 {[%emt 0:00:42]} Bf7 {[%emt 0:01:34]} 42. Ra5 {[%emt 0:00:50]} Qd6 {[%emt 0:02:17]} 43. Rg5 {[%emt 0:02:44]} Bg6 {[%emt 0:01:03]} 44. h4 {[%emt 0:01:33]} h6 {[%emt 0:02:11]} 45. Qg3 {[%emt 0:00:49]} Qxg3 {[%emt 0:01:22]} 46. Rxg3 {[%emt 0:00:01]} Bh7 {[%emt 0:00:31]} 47. Kf2 {[%emt 0:01:48]} Kf7 {[%emt 0:00:31]} 48. Ke3 {[%emt 0:00:24]} Re7 {[%emt 0:00:47]} 49. Rg4 {[%emt 0:00:35]} Re5 {[%emt 0:02:18]} 50. Rf4+ {[%emt 0:00:55]} Ke7 {[%emt 0:00:29]} 51. Rf1 {[%emt 0:01:12]} Bg6 {[%emt 0:00:44]} 52. Ra1 {[%emt 0:01:04]} Be8 {[%emt 0:00:45]} 53. Ra5 {[%emt 0:01:05]} Kf6 {[%emt 0:00:40]} 54. Rxe5 {[%emt 0:01:55]} Kxe5 {[%emt 0:00:12]} 55. Nb3 {[%emt 0:00:15]} Bf7 {[%emt 0:00:47]} 56. Nc5 {[%emt 0:01:46]} Bd5 {[%emt 0:00:17]} 57. Nd7+ {[%emt 0:00:58]} Kd6 {[%emt 0:00:51]} 58. Nc5 {[%emt 0:01:22]} Ke5 {[%emt 0:00:13]} 59. g3 {[%emt 0:00:33]} Kf5 {[%emt 0:00:59]} 60. b3 {[%emt 0:00:55]} Kg4 {[%emt 0:00:22]} 61. c4 {[%emt 0:00:21]} Bc6 {[%emt 0:00:19]} 62. Ne6 {[%emt 0:00:49]} Kxg3 {[%emt 0:00:39]} 63. h5 {[%emt 0:00:27]} Kg4 {[%emt 0:00:18]} 64. Nxg7 {[%emt 0:00:35]} Kg5 {[%emt 0:00:23]} 65. Ne6+ {[%emt 0:00:21]} Kxh5 {[%emt 0:00:20]} 66. Nd4 {[%emt 0:00:34]} Kg4 {[%emt 0:00:30]} 67. b5 {[%emt 0:00:34]} axb5 {[%emt 0:00:48]} 68. cxb5 {[%emt 0:00:01]} Bd5 {[%emt 0:00:46]} 69. b6 {[%emt 0:00:08]} h5 {[%emt 0:00:19]} 70. Kf2 {[%emt 0:00:42]} h4 {[%emt 0:00:12]} 71. Kg2 {[%emt 0:00:36]} e3+ {[%emt 0:00:37]} 72. Kg1 {[%emt 0:00:20]} h3 {[%emt 0:00:38]} 73. Kh2 {[%emt 0:01:00]} Bf3 {[%emt 0:00:46]} 74. Nc2 {[%emt 0:00:27]} e2 {[%emt 0:00:29]} 75. Ne1 {[%emt 0:00:15]} Bg2 {[%emt 0:00:32]} 76. b4 {[%emt 0:00:16]} Kf4 {[%emt 0:00:27]} 77. b5 {[%emt 0:00:15]} Ke3 {[%emt 0:00:21]} 78. Kg1 {[%emt 0:01:03]} Be4 {[%emt 0:00:21]} 79. Kh2 {[%emt 0:00:36]} Kd2 {[%emt 0:00:42]} 0-1

[Event "31st Klatovy A 2025"]
[Site "Klatovy CZE"]
[Date "2025.06.30"]
[Round "3.13"]
[White "Pick, Stepan"]
[Black "Kupsa, Matej 2001"]
[Result "1/2-1/2"]
[WhiteElo "1949"]
[BlackElo "2100"]
[PlyCount "96"]
[EventDate "2025.06.28"]
[EventType "swiss"]
[EventRounds "9"]
[EventCountry "CZE"]

1. c4 {[%emt 0:00:01]} Nf6 {[%emt 0:00:25]} 2. Nf3 {[%emt 0:00:28]} e6 {[%emt 0:00:36]} 3. g3 {[%emt 0:00:11]} d5 {[%emt 0:00:08]} 4. Bg2 {[%emt 0:00:17]} Be7 {[%emt 0:00:53]} 5. O-O {[%emt 0:00:15]} O-O {[%emt 0:00:10]} 6. d4 {[%emt 0:00:27]} Ne4 {[%emt 0:02:48]} 7. Nc3 {[%emt 0:03:43]} f5 {[%emt 0:01:44]} 8. cxd5 {[%emt 0:06:21]} exd5 {[%emt 0:05:01]} 9. Qb3 {[%emt 0:01:02]} c6 {[%emt 0:02:08]} 10. Nxe4 {[%emt 0:05:04]} fxe4 {[%emt 0:00:12]} 11. Ne5 {[%emt 0:01:17]} Qb6 {[%emt 0:10:08]} 12. Qd1 {[%emt 0:25:46]} Nd7 {[%emt 0:02:13]} 13. Nxd7 {[%emt 0:04:58]} Bxd7 {[%emt 0:10:18]} 14. b3 {[%emt 0:01:17]} Bd6 {[%emt 0:37:24]} 15. a4 {[%emt 0:05:22]} Rae8 {[%emt 0:04:05]} 16. Ba3 {[%emt 0:15:14]} Bxa3 {[%emt 0:08:15]} 17. Rxa3 {[%emt 0:00:07]} e3 {[%emt 0:00:19]} 18. a5 {[%emt 0:17:19]} Qb4 {[%emt 0:06:41]} 19. Ra2 {[%emt 0:03:09]} exf2+ {[%emt 0:06:06]} 20. Rxf2 {[%emt 0:00:34]} Rxf2 {[%emt 0:01:25]} 21. Kxf2 {[%emt 0:00:04]} Qc3 {[%emt 0:01:13]} 22. Qd2 {[%emt 0:00:53]} Qxd2 {[%emt 0:16:36]} 23. Rxd2 {[%emt 0:00:01]} Kf7 {[%emt 0:03:31]} 24. b4 {[%emt 0:03:20]} Ke6 {[%emt 0:03:35]} 25. e3 {[%emt 0:02:13]} Kd6 {[%emt 0:00:17]} 26. Bf1 {[%emt 0:03:04]} Rb8 {[%emt 0:03:37]} 27. Ra2 {[%emt 0:01:03]} Bf5 {[%emt 0:01:20]} 28. Ke1 {[%emt 0:02:31]} Be4 {[%emt 0:00:16]} 29. Kd2 {[%emt 0:02:07]} h6 {[%emt 0:01:03]} 30. Kc3 {[%emt 0:01:10]} Rf8 {[%emt 0:00:26]} 31. Bg2 {[%emt 0:01:18]} Bxg2 {[%emt 0:00:23]} 32. Rxg2 {[%emt 0:00:01]} Rf1 {[%emt 0:00:15]} 33. Rb2 {[%emt 0:01:52]} a6 {[%emt 0:01:07]} 34. Kd3 {[%emt 0:00:29]} Rh1 {[%emt 0:01:35]} 35. Rf2 {[%emt 0:00:39]} Ke7 {[%emt 0:00:21]} 36. Kc3 {[%emt 0:04:08]} Ra1 {[%emt 0:00:47]} 37. Rf3 {[%emt 0:00:49]} Ra2 {[%emt 0:00:47]} 38. h3 {[%emt 0:00:25]} g5 {[%emt 0:00:33]} 39. g4 {[%emt 0:00:42]} Rh2 {[%emt 0:00:16]} 40. Kd3 {[%emt 0:01:30]} Rh1 {[%emt 0:00:26]} 41. Kc2 {[%emt 0:00:46]} Re1 {[%emt 0:00:34]} 42. Kd2 {[%emt 0:00:38]} Ra1 {[%emt 0:00:54]} 43. Kc2 {[%emt 0:00:34]} Ra2+ {[%emt 0:00:36]} 44. Kc3 {[%emt 0:00:24]} Ra1 {[%emt 0:00:32]} 45. Kc2 {[%emt 0:00:15]} Rh1 {[%emt 0:00:26]} 46. Kd2 {[%emt 0:00:28]} Rb1 {[%emt 0:00:33]} 47. Kc3 {[%emt 0:00:09]} Rc1+ {[%emt 0:00:13]} 48. Kb2 {[%emt 0:00:17]} Rh1 {[%emt 0:00:43]} 1/2-1/2

[Event "31st Klatovy A 2025"]
[Site "Klatovy CZE"]
[Date "2025.06.30"]
[Round "3.14"]
[White "Honcharov, Makar"]
[Black "Bartak, Josef"]
[Result "0-1"]
[WhiteElo "2099"]
[BlackElo "1953"]
[PlyCount "106"]
[EventDate "2025.06.28"]
[EventType "swiss"]
[EventRounds "9"]
[EventCountry "CZE"]

1. e4 {[%emt 0:00:26]} e5 {[%emt 0:00:08]} 2. Nf3 {[%emt 0:00:05]} Nc6 {[%emt 0:00:05]} 3. Bb5 {[%emt 0:00:09]} a6 {[%emt 0:00:05]} 4. Ba4 {[%emt 0:00:07]} d6 {[%emt 0:00:05]} 5. Bxc6+ {[%emt 0:00:09]} bxc6 {[%emt 0:00:08]} 6. d4 {[%emt 0:00:04]} Bg4 {[%emt 0:19:43]} 7. Be3 {[%emt 0:13:46]} Nf6 {[%emt 0:19:05]} 8. Nc3 {[%emt 0:06:40]} exd4 {[%emt 0:01:07]} 9. Qxd4 {[%emt 0:00:13]} Nd7 {[%emt 0:04:07]} 10. O-O-O {[%emt 0:09:46]} c5 {[%emt 0:05:59]} 11. Qa4 {[%emt 0:12:33]} Be7 {[%emt 0:01:06]} 12. e5 {[%emt 0:01:36]} Bxf3 {[%emt 0:01:13]} 13. gxf3 {[%emt 0:00:54]} O-O {[%emt 0:07:41]} 14. exd6 {[%emt 0:01:04]} cxd6 {[%emt 0:00:28]} 15. Rhg1 {[%emt 0:02:10]} Re8 {[%emt 0:04:11]} 16. Qg4 {[%emt 0:03:11]} g6 {[%emt 0:00:46]} 17. Ne4 {[%emt 0:04:40]} Qc7 {[%emt 0:02:29]} 18. Bf4 {[%emt 0:03:34]} Ne5 {[%emt 0:02:03]} 19. Qh3 {[%emt 0:20:34]} Qb7 {[%emt 0:05:45]} 20. Bg5 {[%emt 0:09:29]} d5 {[%emt 0:24:21]} 21. Rxd5 {[%emt 0:17:27]} Qxd5 {[%emt 0:03:29]} 22. Bxe7 {[%emt 0:00:30]} Nd7 {[%emt 0:00:40]} 23. Rd1 {[%emt 0:04:50]} Qxd1+ {[%emt 0:05:44]} 24. Kxd1 {[%emt 0:00:07]} Rxe7 {[%emt 0:00:04]} 25. Qh4 {[%emt 0:00:08]} f6 {[%emt 0:04:16]} 26. c4 {[%emt 0:01:32]} Re6 {[%emt 0:02:03]} 27. Kc2 {[%emt 0:00:38]} Kg7 {[%emt 0:00:32]} 28. a3 {[%emt 0:02:30]} Rc8 {[%emt 0:01:19]} 29. Qf4 {[%emt 0:01:09]} Ne5 {[%emt 0:02:11]} 30. Kc3 {[%emt 0:01:03]} f5 {[%emt 0:01:34]} 31. Nd2 {[%emt 0:02:06]} a5 {[%emt 0:01:00]} 32. h4 {[%emt 0:00:56]} Rd8 {[%emt 0:01:06]} 33. h5 {[%emt 0:00:31]} Rd4 {[%emt 0:01:09]} 34. Qg3 {[%emt 0:01:42]} Kf6 {[%emt 0:03:09]} 35. hxg6 {[%emt 0:01:54]} hxg6 {[%emt 0:01:01]} 36. Qh2 {[%emt 0:01:32]} Kg7 {[%emt 0:01:31]} 37. f4 {[%emt 0:00:58]} Ng4 {[%emt 0:01:12]} 38. Qg1 {[%emt 0:02:07]} Re2 {[%emt 0:04:17]} 39. Nb3 {[%emt 0:01:12]} Rxf4 {[%emt 0:00:10]} 40. Nxc5 {[%emt 0:00:12]} Rf3+ {[%emt 0:00:24]} 41. Kd4 {[%emt 0:00:44]} Rd2+ {[%emt 0:00:07]} 42. Nd3 {[%emt 0:00:06]} Rfxd3+ {[%emt 0:00:50]} 43. Kc5 {[%emt 0:00:07]} Nxf2 {[%emt 0:00:36]} 44. b4 {[%emt 0:00:24]} axb4 {[%emt 0:01:02]} 45. axb4 {[%emt 0:00:04]} Rc3 {[%emt 0:00:36]} 46. Qa1 {[%emt 0:00:38]} Rdc2 {[%emt 0:01:03]} 47. Kb6 {[%emt 0:00:09]} Nd3 {[%emt 0:00:40]} 48. Qa7+ {[%emt 0:01:06]} Kh6 {[%emt 0:00:10]} 49. Qe7 {[%emt 0:00:34]} Rxc4 {[%emt 0:00:59]} 50. Qe3+ {[%emt 0:00:09]} Nf4 {[%emt 0:00:09]} 51. b5 {[%emt 0:00:09]} Rb2 {[%emt 0:01:02]} 52. Qe8 {[%emt 0:03:29]} Nd5+ {[%emt 0:00:27]} 53. Kb7 {[%emt 0:00:13]} Rxb5+ {[%emt 0:00:13]} 0-1

[Event "31st Klatovy A 2025"]
[Site "Klatovy CZE"]
[Date "2025.06.30"]
[Round "3.15"]
[White "Kroulik, Vaclav"]
[Black "Svadlenka, Michal"]
[Result "1-0"]
[WhiteElo "2088"]
[BlackElo "1932"]
[PlyCount "85"]
[EventDate "2025.06.28"]
[EventType "swiss"]
[EventRounds "9"]
[EventCountry "CZE"]

1. e4 {[%emt 0:00:03]} c5 {[%emt 0:00:12]} 2. Nf3 {[%emt 0:00:06]} d6 {[%emt 0:00:04]} 3. d4 {[%emt 0:00:12]} cxd4 {[%emt 0:00:17]} 4. Qxd4 {[%emt 0:00:04]} a6 {[%emt 0:00:05]} 5. c4 {[%emt 0:00:22]} Nc6 {[%emt 0:00:20]} 6. Qe3 {[%emt 0:00:29]} g6 {[%emt 0:00:52]} 7. Nc3 {[%emt 0:00:13]} Bg7 {[%emt 0:00:05]} 8. Be2 {[%emt 0:00:31]} Nf6 {[%emt 0:00:40]} 9. h3 {[%emt 0:00:05]} O-O {[%emt 0:00:14]} 10. O-O {[%emt 0:00:15]} Bd7 {[%emt 0:00:54]} 11. Rd1 {[%emt 0:00:49]} Rc8 {[%emt 0:00:35]} 12. Bd2 {[%emt 0:01:54]} Qc7 {[%emt 0:09:46]} 13. Rac1 {[%emt 0:00:31]} Rfd8 {[%emt 0:00:22]} 14. Nd5 {[%emt 0:09:58]} Qb8 {[%emt 0:00:47]} 15. Nb6 {[%emt 0:05:18]} Rc7 {[%emt 0:00:13]} 16. b4 {[%emt 0:01:02]} Be6 {[%emt 0:05:14]} 17. b5 {[%emt 0:11:32]} Ne5 {[%emt 0:06:07]} 18. Ba5 {[%emt 0:30:10]} Nxf3+ {[%emt 0:06:34]} 19. Bxf3 {[%emt 0:00:27]} Re8 {[%emt 0:02:18]} 20. Nd5 {[%emt 0:05:40]} Rcc8 {[%emt 0:03:41]} 21. b6 {[%emt 0:02:22]} Bxd5 {[%emt 0:08:18]} 22. cxd5 {[%emt 0:00:24]} Nd7 {[%emt 0:04:11]} 23. Rc7 {[%emt 0:02:36]} Nc5 {[%emt 0:14:44]} 24. Bg4 {[%emt 0:03:15]} Rcd8 {[%emt 0:01:17]} 25. Bb4 {[%emt 0:02:05]} h5 {[%emt 0:02:14]} 26. Bxc5 {[%emt 0:11:08]} dxc5 {[%emt 0:13:32]} 27. Bd7 {[%emt 0:02:04]} Bd4 {[%emt 0:06:38]} 28. Qg5 {[%emt 0:01:29]} Bf6 {[%emt 0:02:52]} 29. Qc1 {[%emt 0:04:42]} Rf8 {[%emt 0:02:42]} 30. Qxc5 {[%emt 0:02:22]} Be5 {[%emt 0:04:24]} 31. Rc1 {[%emt 0:00:38]} Bd6 {[%emt 0:00:51]} 32. Qd4 {[%emt 0:01:01]} Qa8 {[%emt 0:01:18]} 33. Ba4 {[%emt 0:02:13]} Rc8 {[%emt 0:08:53]} 34. e5 {[%emt 0:08:12]} Ba3 {[%emt 0:16:39]} 35. R1c2 {[%emt 0:00:39]} Rxc7 {[%emt 0:03:53]} 36. bxc7 {[%emt 0:00:31]} b5 {[%emt 0:00:11]} 37. Bb3 {[%emt 0:00:18]} Qc8 {[%emt 0:03:53]} 38. Qc3 {[%emt 0:02:01]} Kh7 {[%emt 0:03:12]} 39. Qc6 {[%emt 0:00:22]} f6 {[%emt 0:00:38]} 40. d6 {[%emt 0:00:19]} exd6 {[%emt 0:00:30]} 41. exd6 {[%emt 0:00:02]} Qf5 {[%emt 0:00:38]} 42. c8=Q {[%emt 0:00:18]} Bxd6 {[%emt 0:00:27]} 43. Qxf5 {[%emt 0:00:16]} 1-0

[Event "31st Klatovy A 2025"]
[Site "Klatovy CZE"]
[Date "2025.06.30"]
[Round "3.16"]
[White "Pycha, Patrik"]
[Black "Richter, Martin 1969"]
[Result "1-0"]
[WhiteElo "2076"]
[BlackElo "1928"]
[PlyCount "145"]
[EventDate "2025.06.28"]
[EventType "swiss"]
[EventRounds "9"]
[EventCountry "CZE"]

1. e4 {[%emt 0:00:54]} e6 {[%emt 0:00:21]} 2. d4 {[%emt 0:00:06]} d5 {[%emt 0:00:06]} 3. Nc3 {[%emt 0:00:05]} Bb4 {[%emt 0:00:20]} 4. Nge2 {[%emt 0:00:42]} dxe4 {[%emt 0:01:15]} 5. a3 {[%emt 0:00:07]} Be7 {[%emt 0:03:32]} 6. Nxe4 {[%emt 0:00:12]} Nf6 {[%emt 0:00:14]} 7. Nxf6+ {[%emt 0:00:13]} Bxf6 {[%emt 0:00:14]} 8. Be3 {[%emt 0:00:07]} O-O {[%emt 0:03:08]} 9. Qd2 {[%emt 0:02:21]} c5 {[%emt 0:04:47]} 10. O-O-O {[%emt 0:03:48]} cxd4 {[%emt 0:10:37]} 11. Nxd4 {[%emt 0:01:26]} a6 {[%emt 0:01:17]} 12. Qe2 {[%emt 0:06:56]} Qc7 {[%emt 0:02:24]} 13. g4 {[%emt 0:09:11]} Nc6 {[%emt 0:05:08]} 14. Bg2 {[%emt 0:23:11]} Nxd4 {[%emt 0:02:14]} 15. Bxd4 {[%emt 0:00:11]} e5 {[%emt 0:03:26]} 16. Bc3 {[%emt 0:01:58]} Bg5+ {[%emt 0:03:04]} 17. Kb1 {[%emt 0:00:44]} Bf4 {[%emt 0:00:14]} 18. Bd5 {[%emt 0:11:23]} Re8 {[%emt 0:15:02]} 19. f3 {[%emt 0:04:20]} Be6 {[%emt 0:00:59]} 20. h3 {[%emt 0:04:44]} Rac8 {[%emt 0:05:36]} 21. Qe4 {[%emt 0:02:23]} b5 {[%emt 0:02:40]} 22. Bxe6 {[%emt 0:02:50]} Rxe6 {[%emt 0:01:38]} 23. Rd5 {[%emt 0:00:37]} Rd8 {[%emt 0:13:17]} 24. Rhd1 {[%emt 0:00:43]} Rxd5 {[%emt 0:00:12]} 25. Rxd5 {[%emt 0:02:23]} g6 {[%emt 0:06:10]} 26. Qd3 {[%emt 0:01:05]} Kg7 {[%emt 0:05:49]} 27. h4 {[%emt 0:05:47]} h6 {[%emt 0:05:18]} 28. h5 {[%emt 0:01:56]} g5 {[%emt 0:00:50]} 29. Rd8 {[%emt 0:02:48]} a5 {[%emt 0:02:38]} 30. Rd7 {[%emt 0:01:44]} Qb6 {[%emt 0:01:04]} 31. Qf5 {[%emt 0:02:02]} Rf6 {[%emt 0:00:43]} 32. Bxe5 {[%emt 0:01:11]} Bxe5 {[%emt 0:00:11]} 33. Qxe5 {[%emt 0:00:07]} b4 {[%emt 0:01:20]} 34. Rd3 {[%emt 0:02:24]} a4 {[%emt 0:01:39]} 35. axb4 {[%emt 0:01:06]} Qxb4 {[%emt 0:00:27]} 36. Rc3 {[%emt 0:02:26]} Qf4 {[%emt 0:03:21]} 37. Qxf4 {[%emt 0:02:44]} Rxf4 {[%emt 0:00:10]} 38. b3 {[%emt 0:05:08]} axb3 {[%emt 0:01:27]} 39. cxb3 {[%emt 0:00:06]} f5 {[%emt 0:04:54]} 40. gxf5 {[%emt 0:00:55]} Kf6 {[%emt 0:03:58]} 41. Kc2 {[%emt 0:04:14]} Kxf5 {[%emt 0:00:42]} 42. Kd2 {[%emt 0:02:57]} Rh4 {[%emt 0:00:55]} 43. Ke3 {[%emt 0:00:20]} Rxh5 {[%emt 0:00:54]} 44. b4 {[%emt 0:01:37]} Ke5 {[%emt 0:02:36]} 45. b5 {[%emt 0:01:27]} Rh4 {[%emt 0:02:00]} 46. Rb3 {[%emt 0:00:40]} Rf4 {[%emt 0:01:38]} 47. b6 {[%emt 0:00:21]} Rf8 {[%emt 0:00:07]} 48. b7 {[%emt 0:00:09]} Rb8 {[%emt 0:00:15]} 49. Rb5+ {[%emt 0:00:29]} Kd6 {[%emt 0:04:38]} 50. Rb6+ {[%emt 0:00:13]} Ke5 {[%emt 0:00:09]} 51. Rb5+ {[%emt 0:01:06]} Kd6 {[%emt 0:00:06]} 52. Ke4 {[%emt 0:01:48]} Kc7 {[%emt 0:02:34]} 53. Kf5 {[%emt 0:01:26]} Rf8+ {[%emt 0:00:12]} 54. Kg6 {[%emt 0:00:23]} Kb8 {[%emt 0:00:17]} 55. Rf5 {[%emt 0:01:17]} Rd8 {[%emt 0:04:32]} 56. Kxh6 {[%emt 0:00:44]} Kxb7 {[%emt 0:00:31]} 57. Kxg5 {[%emt 0:00:28]} Kc6 {[%emt 0:00:08]} 58. Re5 {[%emt 0:04:04]} Kd6 {[%emt 0:00:25]} 59. f4 {[%emt 0:00:45]} Rf8 {[%emt 0:02:30]} 60. Re4 {[%emt 0:01:37]} Kd5 61. Ra4 {[%emt 0:02:54]} Rg8+ {[%emt 0:00:31]} 62. Kf6 {[%emt 0:00:30]} Rf8+ {[%emt 0:00:53]} 63. Kg6 {[%emt 0:00:25]} Rg8+ {[%emt 0:01:09]} 64. Kf7 {[%emt 0:00:37]} Rb8 {[%emt 0:01:09]} 65. f5 {[%emt 0:01:24]} Rb7+ {[%emt 0:00:11]} 66. Kg6 {[%emt 0:00:10]} Rb1 {[%emt 0:01:25]} 67. f6 {[%emt 0:00:39]} Rg1+ {[%emt 0:00:13]} 68. Kf7 {[%emt 0:00:10]} Rf1 {[%emt 0:01:34]} 69. Ra6 {[%emt 0:02:41]} Ke5 {[%emt 0:00:58]} 70. Ke7 {[%emt 0:00:17]} Rb1 {[%emt 0:00:34]} 71. Ra5+ {[%emt 0:00:07]} Kd4 {[%emt 0:00:05]} 72. f7 {[%emt 0:00:33]} Re1+ {[%emt 0:00:09]} 73. Kf6 {[%emt 0:00:14]} 1-0